Sports Quiz

Random Sports or NFL Quiz

Minnesota Vikings Head Coaches Quiz Stats

 Plays Quiz not verified by Sporcle

Score 0/9 Timer 02:00
0 Plays Today
Seasons Coach % Correct
2014-presentMike Zimmer
94.4%
1967-1983, 1985Bud Grant
92.2%
1992-2001Dennis Green
89%
2010-2013Leslie Frazier
85.1%
2001-2005Mike Tice
84.7%
2006-2010Brad Childress
82.8%
1986-1991Jerry Burns
57.8%
1984Les Steckel
51.2%
1961-1966Norm Van Brocklin
48.2%

You're not logged in!

Compare scores with friends on all Sporcle quizzes.
OR
Log In

Show Comments

Extras

Top Quizzes Today


Score Distribution

Your Account Isn't Verified!

In order to create a playlist on Sporcle, you need to verify the email address you used during registration. Go to your Sporcle Settings to finish the process.

Report this User

Report this user for behavior that violates our Community Guidelines.

Details: